| Tag |
First Indicator |
Second Indicator |
Subfields |
| LEADER |
00000cam a2200000 i 4500 |
| 001 |
in00000793713 |
| 005 |
20151017070657.0 |
| 008 |
760911s1976 dcua b f00010 eng d |
| 010 |
|
|
|a gp 76007750
|
| 010 |
|
|
|a 76602391
|
| 020 |
|
|
|c $2.65 (pbk. :)
|
| 035 |
|
|
|a (OCoLC)02432619
|
| 035 |
|
|
|9 ADP2394AM
|
| 037 |
|
|
|a 005-000-00138-2
|
| 040 |
|
|
|a GPO
|c GPO
|d UtOrBLW
|
| 074 |
|
|
|a 288-A
|
| 086 |
|
|
|a CR 1.2:C 35
|
| 110 |
2 |
|
|a United States Commission on Civil Rights.
|
| 245 |
1 |
4 |
|a The challenge ahead :
|b equal opportunity in referral unions : a report of the United States Commission on Civil Rights.
|
| 264 |
|
2 |
|a Washington :
|b U.S. Commission on Civil Rights : for sale by the Supt. of Docs., U.S. Govt. Print. Off,
|c 1976.
|
| 300 |
|
|
|a xi, 291 pages :
|b illustrations ;
|c 26 cm.
|
| 336 |
|
|
|a text
|b txt
|2 rdacontent
|
| 337 |
|
|
|a unmediated
|b n
|2 rdamedia
|
| 338 |
|
|
|a volume
|b nc
|2 rdacarrier
|
| 500 |
|
|
|a Cover title.
|
| 504 |
|
|
|a Includes bibliographical references.
|
| 650 |
|
0 |
|a Discrimination in employment
|z United States.
|
| 650 |
|
0 |
|a Labor unions
|z United States.
|
| 740 |
|
|
|a Equal opportunity in referral unions.
|
| 999 |
|
|
|a MARS
|
| 999 |
f |
f |
|s 6a51fb55-3ab2-3215-8445-82e021bd7c04
|i 68ff285f-9d88-3a44-9600-ab730e6a9529
|t 0
|
| 952 |
f |
f |
|p normal
|a Texas A&M University
|b College Station
|c Sterling C. Evans Library
|d Evans: US Documents (Annex 5th floor)
|t 0
|e CR 1.2:C 35
|h Superintendent of Documents classification
|i unmediated -- volume
|m A14838180124
|
| 998 |
f |
f |
|a CR 1.2:C 35
|t 0
|l Evans: US Documents (Annex 5th floor)
|